000 00686cab a2200241 4500
001 X98580
008 090401t1999 xxu||||| |||| 00| 0 eng d
035 _a(Sirsi) u93306
041 _aeng
245 _aEnvironmental protection
260 _c1999
350 _a0
490 _aEstates Gazette Case Summaries
_v[1999] EGCS 58 (1 May 1999)
650 _aBLEAKLOW INDUSTRIES LTD
650 _aENVIRONMENT ACT 1995 SCHEDULE 13 PARA 9
650 _aENVIRONMENTAL ASSESSMENT
650 _aMINERALS
650 _aPLANNING PERMISSION
650 _aR V PEAK DISTRICT NATIONAL PARK AUTHORITY
690 _aPLANNING LAW AND PRACTICE-CASE LAW
942 _n0
948 _c12/05/1999
999 _c59149
_d59149